000 00770nas a2200265 4500
001 BR0304862
003 BR-BrBNA
005 20231205104102.0
007 ta
008 230509b bl.|||p| |||| 00| 00por d
040 _aBR-BrBNA
_bpor
_cBiblioteca Nacional de Agricultura
041 _a(Pt)
072 _aK10
100 1 _aWatzlawick, L.F.
100 1 _aSanquetta, C.R.
100 1 _aKirchner, F.F.
245 1 _aGPS: ferramenta de apoio na realização de inventário florestal
650 _aARAUCÁRIA
650 _aPINHEIRO
650 _aINVENTÁRIO FLORESTAL
650 _aAMOSTRAGEM
773 0 _tFloresta (Brazil)
_xISSN 0015-3826
_g(Jan-Jun 2002), v. 32(1) p. 135-141
_wBR0304862
909 _a202311
_bLúcia
_c55
_dLúcia Elande
942 _2AGRIS
_n0
_cANA
999 _c176277
_d176277